| 000 | 00485nam a2200181Ia 4500 | ||
|---|---|---|---|
| 001 | 19809 | ||
| 003 | GE_BSU | ||
| 008 | 181216s||||||||xx |||||||||||||| ||und|| | ||
| 040 | _cGE_BSU | ||
| 245 | 4 | _aThe Economist. №9025. January 28th-February 3rd. 2017 | |
| 260 | _aParis | ||
| 260 | _c2017 | ||
| 300 | _a74p. 27cm. ill. | ||
| 653 | _aThe Economist. №9025. January 28th-February 3rd. 2017 | ||
| 653 | _aПериодика | ||
| 653 | _aპერიოდიკა | ||
| 942 | _cCR | ||
| 999 |
_c52781 _d52781 |
||